Trh drahých kovov diplomová práca

Saved in:
Bibliographic Details
Main Author: Vróbeľ, Michal
Corporate Author: Fakulta podnikového manažmentu EU. Katedra podnikových financií
Other Authors: Badura, Peter, 1978-
Format: Book
Language:Slovak
Published: Bratislava 2017
Tags: Add Tag
No Tags, Be the first to tag this record!

MARC

LEADER 00000nbm a2200000 4500
001 0232140
005 20171018103102.1
041 0 |a slo 
044 |a SK 
245 1 0 |a Trh drahých kovov  |b diplomová práca  |c Michal Vróbeľ ; školiteľ: Peter Badura 
264 1 |a Bratislava  |c 2017 
300 |a 90 s. 
100 1 |a Vróbeľ, Michal 
700 1 |a Badura, Peter, 1978- 
710 2 |a Fakulta podnikového manažmentu EU. Katedra podnikových financií